Responses for Show #8508 - Wednesday, November 10, 2021

Andrew He game 1.

Contestants

[<< previous game]

Andrew He, a software developer from San Francisco, California

Mary Kamela, a school librarian from Buffalo, New York

Dane Reighard, an editor from Los Angeles, California (whose 2-day cash winnings total $34,799)

[next game >>]

Jeopardy! Round responses

FIRST THINGS FIRST
LAKES & RIVERS
CELEBRITY ENTREPRENEURS
"B" + 2 LETTERS
UP ALL NIGHT
MYTHICAL MISSES
    $200 27
(Ken: Your hometown, yes.)

San Francisco

Andrew
    $200 22
Australia

Andrew
    $200 29
Paltrow

Dane
    $200 30
(Mary: [No response])

a (baseball) bat

MaryAndrew
    $200 26
12

Dane
    $200 28
(Andrew: Who is Ares?)
...
(Ken: Wasn't really her fault, [*].)

Helen of Troy

Andrew
Triple Stumper
    $400 21
Capitol

Dane
    $400 5
(Mary: What is the Missouri?)

the Platte (River)

MaryAndrew
    $400 23
Diddy (Sean Combs)

Andrew
    $400 25
box

Dane
    $400 24
Red Bull

Dane
    $400 4
Gaia

Dane
    $600 20
the Daytona 500 & the Indianapolis 500

Andrew
    $4,800 13
(Andrew: What is Buenos Aires?)

Mexico City

Andrew
    $600 1
(Ken: Yes, that's her last name.)

Rihanna

Andrew
    $600 19
bus

Andrew
    $600 17
filibustering

Andrew
    $600 16
banshees

Andrew
    $800 11
a fountain pen

Andrew
    $800 10
(Andrew: What is the Sea of Galilee?)

the Dead Sea

DaneAndrew
    $800 9
(Jessica) Alba

Andrew
    $800 18
bum

Mary
    $800 14
7-Eleven

Andrew
    $800 15
the Iroquois League

Dane
    $1000 6
Skylab

Andrew
    $1000 12
the Yellow River

Andrew
    $1000 2
Wahlburgers

Andrew
    $1000 7
(Dane: What is boo?)
(Mary: What is a bet?)
...
(Ken: It is a card game term, Mary, but it's a [*].)

bid

DaneMary
Triple Stumper
    $1000 3
Rio

Dane
    $1000 8
(Ken: You didn't seem sure, but you got there.)

Cassiopeia

Dane

Scores at the first commercial break (after clue 17):

Dane Mary Andrew
$3,000 -$1,400 $2,000

Scores at the end of the Jeopardy! Round:

Dane Mary Andrew
$4,600 -$800 $4,000

Double Jeopardy! Round responses

THEY TURNED MY BOOK INTO A MOVIE
CARIBBEAN HISTORY
THE SHIRLEY BOOTH
SITCOMS
SCIENCE & NATURE
WORD ORIGINS
    $400 13
Goldman

Dane
    $400 28
Puerto Rico

Andrew
    $400 11
(Andrew: Who is Henry VIII?)

Charles I

Andrew
Triple Stumper
    $400 7
Mom

Dane
    $400 22
(Dane: What is physics?)

motion

DaneAndrew
    $400 29
a cockatoo

Dane
    $800 12
Fielding

Dane
    $800 23
the lungs

Dane
    $800 14
Shirley Jackson

Dane
    $800 6
Grown-ish

Mary
    $12,400 20
Ursa Minor

Andrew
    $800 30
gherkin

Andrew
    $1200 3
(Frank) Herbert

Andrew
    $1200 18
the Dominican Republic

Andrew
    $1200 15
Bassey

Andrew
    $1200 8
Cedric the Entertainer

Mary
    $1200 5
a crocodile

Dane
    $13,800 25
cyanide

Dane
    $1600 2
Styron

Dane
    $1600 17
Belize

Andrew
    $1600 21
Shirley Chisholm

Mary
    $1600 9
(Ken: Great show, yes.)

Sports Night

Dane
    $1600 4
pheromones

Andrew
    $1600 26
bento

Andrew
    $2000 1
Ishiguro

Mary
    $2000 19
the Netherlands

Andrew
    $2000 24
the office of protocol

Triple Stumper
    $2000 10
Kaitlin Olson

Dane
    $2000 16
the monotremes

Triple Stumper
    $2000 27
(Dane: What is wigwam?)

hogan

DaneAndrew

Scores at the end of the Double Jeopardy! Round:

Dane Mary Andrew
$26,000 $4,800 $30,000

[wagering suggestions for these scores]

Final Jeopardy! Round responses

WORLD POPULATION
(Ken: Mary, you had the misfortune to get sandwiched between two crackerjack Jeopardy! players.)
(Mary: Absolutely.)
...
(Ken: [To Dane] The fourth most populous country in the world now.)
MaryWhat is India
$0
DaneWhat is Indonesia?
$25,999
AndrewWhat is Indonesia?
$22,001
Indonesia

Final scores:

Dane Mary Andrew
$51,999 $4,800 $52,001
2nd place: $2,000 3rd place: $1,000 New champion: $52,001

Game dynamics:

Coryat scores:

Dane Mary Andrew
$13,400 $4,800 $23,200
21 R
(including 1 DD),
3 W
5 R,
3 W
28 R
(including 1 DD),
4 W
(including 1 DD)

Combined Coryat: $41,400

[game clues] [game scores] [suggest correction]

Game tape date: 2021-09-27
The J! Archive is created by fans, for fans. Scraping, republication, monetization, and malicious use prohibited; this site may use cookies and collect identifying information. See terms. The Jeopardy! game show and all elements thereof, including but not limited to copyright and trademark thereto, are the property of Jeopardy Productions, Inc. and are protected under law. This website is not affiliated with, sponsored by, or operated by Jeopardy Productions, Inc. Join the discussion at JBoard.tv.